000
00311nam a2200121Ia 4500
005
20251222140111.0
008
251222s1900||||xx |||||||||||||| ||spa||
082
_a
212.7/B84
100
_a
Brockman, James R.
245
0
_a
Tiene que Vencer el Amor:
264
_b
Centro de Estudios y Publicaciones
942
_c
LIB
999
_c
4302
_d
4302